Wybrane problemy handlu swiatowego
Na minha lista:
| Formato: | Livro |
|---|---|
| Idioma: | polonês inglês |
| Publicado em: |
Lódz
Wydawnictwo Uniwersytetu Lódzkiego
1992
|
| Edição: | 1. wyd. |
| Colecção: | Folia Oeconomica
116 |
| Assuntos: | |
| Tags: |
Sem tags, seja o primeiro a adicionar uma tag!
|
MARC
| LEADER | 00000nam a2200000 4500 | ||
|---|---|---|---|
| 001 | c014153 | ||
| 005 | 20221206083711.9 | ||
| 041 | 0 | |a pol | |
| 041 | 0 | |a eng | |
| 044 | |a PL | ||
| 245 | 1 | 0 | |a Wybrane problemy handlu swiatowego |
| 250 | |a 1. wyd. | ||
| 264 | 1 | |a Lódz |b Wydawnictwo Uniwersytetu Lódzkiego |c 1992 | |
| 300 | |a 156 s. | ||
| 490 | 1 | |a Folia Oeconomica |v 116 | |
| 830 | 0 | |a Folia Oeconomica |v 116 | |
| 610 | 2 | 0 | |a obchod svetový |
| 610 | 2 | 0 | |a protekcionizmus |
| 610 | 2 | 0 | |a roľníci |
| 610 | 2 | 0 | |a joint ventures |
| 610 | 2 | 0 | |a modely |
| 610 | 2 | 0 | |a kooperácia |
| 610 | 2 | 0 | |a priemysel |
| 610 | 2 | 0 | |a Veľká Británia |